<?xml version="1.0" encoding="UTF-8"?>
<record
    xmlns:xsi="http://www.w3.org/2001/XMLSchema-instance"
    xsi:schemaLocation="http://www.loc.gov/MARC21/slim http://www.loc.gov/standards/marcxml/schema/MARC21slim.xsd"
    xmlns="http://www.loc.gov/MARC21/slim">

  <leader>01803nam a22002417a 4500</leader>
  <controlfield tag="005">20211112091338.0</controlfield>
  <controlfield tag="008">211112b           ||||| |||| 00| 0 eng d</controlfield>
  <datafield tag="020" ind1=" " ind2=" ">
    <subfield code="a">8170492769</subfield>
  </datafield>
  <datafield tag="040" ind1=" " ind2=" ">
    <subfield code="c">AL</subfield>
  </datafield>
  <datafield tag="041" ind1=" " ind2=" ">
    <subfield code="a">eng</subfield>
  </datafield>
  <datafield tag="082" ind1=" " ind2=" ">
    <subfield code="2">23</subfield>
    <subfield code="a">327.73</subfield>
    <subfield code="b">RAMD</subfield>
  </datafield>
  <datafield tag="100" ind1=" " ind2=" ">
    <subfield code="a">Carlos Ramirez-Faria</subfield>
    <subfield code="9">10257</subfield>
  </datafield>
  <datafield tag="245" ind1=" " ind2=" ">
    <subfield code="a">Downsizing of America</subfield>
  </datafield>
  <datafield tag="260" ind1=" " ind2=" ">
    <subfield code="a">New Delhi</subfield>
    <subfield code="b">Manas Publications</subfield>
    <subfield code="c">2006</subfield>
  </datafield>
  <datafield tag="300" ind1=" " ind2=" ">
    <subfield code="a">436 p.</subfield>
    <subfield code="b">HB</subfield>
    <subfield code="c">25x16 cm.</subfield>
  </datafield>
  <datafield tag="365" ind1=" " ind2=" ">
    <subfield code="b">695.00</subfield>
    <subfield code="c">&#x20B9;</subfield>
    <subfield code="d">695.00</subfield>
  </datafield>
  <datafield tag="520" ind1=" " ind2=" ">
    <subfield code="a">Every day brings the startling and depressing headlines: "AT&amp;T's Call: 40,000 Out"; "Delta Will Cut Up to 15,000 Jobs"; "IBM Chief Making Drastic New Cuts: 35,000 Jobs to Go"; "Sears Kills Catalog: 50,000 Jobs, 113 Stores Eliminated." The numbers add up: Since 1979, more than 43 million jobs have vanished. And while many more have been created, increasingly, the jobs that are disappearing are those of higher-paid, white-collar workers, and many of the new jobs pay much less than those they replaced.
What is going on?
To find out, The New York Times sent a team of reporters across the country, to interview workers and managers and owners alike, to see how they have survived the economic storms that have left a trail of anguish and upheaval. Their report, after a six-month investigation, originally appeared in a critically acclaimed seven-part series in The New York Times.
Now, expanded as a book, The Downsizing of America makes for riveting reading. It puts a human face on a historic predicament that is as ubiquitous as it is painful. It is a revealing look at an America in which the rules of the game seem to be drastically changed.</subfield>
  </datafield>
  <datafield tag="650" ind1=" " ind2=" ">
    <subfield code="a">International Relations</subfield>
    <subfield code="9">10258</subfield>
  </datafield>
  <datafield tag="650" ind1=" " ind2=" ">
    <subfield code="a">Gorbachev</subfield>
    <subfield code="9">10259</subfield>
  </datafield>
  <datafield tag="650" ind1=" " ind2=" ">
    <subfield code="a">World Politics</subfield>
    <subfield code="9">10260</subfield>
  </datafield>
  <datafield tag="700" ind1=" " ind2=" ">
    <subfield code="a">RAMIREZ-FARIA (Carlos)</subfield>
    <subfield code="9">10261</subfield>
  </datafield>
  <datafield tag="942" ind1=" " ind2=" ">
    <subfield code="2">ddc</subfield>
    <subfield code="c">GF</subfield>
  </datafield>
  <datafield tag="999" ind1=" " ind2=" ">
    <subfield code="c">220530</subfield>
    <subfield code="d">220530</subfield>
  </datafield>
  <datafield tag="952" ind1=" " ind2=" ">
    <subfield code="0">0</subfield>
    <subfield code="1">0</subfield>
    <subfield code="2">ddc</subfield>
    <subfield code="4">0</subfield>
    <subfield code="7">0</subfield>
    <subfield code="8">PS</subfield>
    <subfield code="a">AL</subfield>
    <subfield code="b">AL</subfield>
    <subfield code="d">2013-03-24</subfield>
    <subfield code="l">0</subfield>
    <subfield code="o">327.73 RAMD</subfield>
    <subfield code="p">GF03395</subfield>
    <subfield code="r">2021-11-12 00:00:00</subfield>
    <subfield code="w">2021-11-12</subfield>
    <subfield code="y">GF</subfield>
  </datafield>
</record>
